000 01341cam a22002054a 4500
005 20250605164053.0
008 250528s ||||||||||||||||||||||||d
035 _a17338
020 _a9608767830
040 _aGR-AtMCL
_bgre
_dGR-AtMCL
_eAACR2
245 1 _aΛογιστική Κόστους / Δεύτερη Έκδοση
250 _a
260 _bP.I. Publishing,
_c2005
300 _a654
520 _aΕισαγωγή, Βασικές Έννοιες Κόστους και Κοστολόγησης, Πρωτογενή Στοιχεία Κοστολόγησης, Επιμερισμός των Γ.Β.Ε. στα Κέντρα Κόστους και Επανεπιμερισμός του Κόστους Βοηθητικών Κέντρων Κόστους στα Κύρια, Κοστολόγηση Εξατομικευμένης Παραγωγής, Κοστολόγηση Συνεχούς Παραγωγής, Κοστολόγηση Συμπαραγώγων Προϊόντων και Υποπροϊόντων, Οριακή (Άμεση) Κοστολόγηση, Πρότυπη Κοστολόγηση, Προγραμματισμός και Έλεγχος της Δράσης των Επιχειρήσεων, Παραρτήματα.
700 1 _aΒενιέρης Γεώργιος
_92582
942 _cBK
999 _c2765
_d2765